000 00882nam a2200205Ia 4500
003 Ost
005 20260507075438.0
008 260507s9999||||xx |||||||||||||| ||und||
040 _cfsecg
041 _aara
082 _a657
100 _aسنقرط، باسل عبد المغني
_eمؤلف
245 0 _aأصول المحاسبية /
_c باسل عبد المغني سنقرط
260 _aعمان:
_bدار اسامة,
_c2007
300 _a240 صفحة؛
_bإيضاحات ؛
_c24 سم
504 _aببليوغرافيا: ص.237 ملاحق ص.195
520 _aالجرد والتسويات الجردية، جرد الحسابات الوهمية، جرد الأصول المتداولة، جرد الاصول الثابثة، اعداد القوائم المالية الخدامية، الطرق المحاسبية
653 _aالمحاسبة
942 _cكتاب
999 _c44553
_d44553